000 00446nam a2200181Ia 4500
001 4434
005 20260306145755.0
008 260306t2009||||xx |||||||||||||| ||spa||
041 _aESP
082 _a321.8
_bT19
100 _aTanaka, Martín (ed.)
_eAUT
245 0 _aLa nueva coyuntura crítica en los países andinos
260 _c2009
300 _a410 páginas :
_c20 cm.
650 _aGEN
654 _aCDE
942 _cLIB
_dJUS
_fJUS
_2ddc
_n
999 _c4434
_d4434